000 00285nam a22001337a 4500
008 171201b xxu||||| |||| 00| 0 eng d
020 _a9780205449132
041 _aeng
080 _a37
100 _a46
101 _aEDU
245 _aCHILD DEVELOPMENT
_cBERK, L.E
942 _2udc
_cBK
999 _c38678
_d38678